MARC details
| 000 -LEADER |
| fixed length control field |
01478cam a2200361 a 4500 |
| 001 - CONTROL NUMBER |
| control field |
15510736 |
| 003 - CONTROL NUMBER IDENTIFIER |
| control field |
OSt |
| 005 - DATE AND TIME OF LATEST TRANSACTION |
| control field |
20160419143750.0 |
| 008 - FIXED-LENGTH DATA ELEMENTS--GENERAL INFORMATION |
| fixed length control field |
081104s2009 ncua b 001 0aeng |
| 010 ## - LIBRARY OF CONGRESS CONTROL NUMBER |
| LC control number |
2008047784 |
| 015 ## - NATIONAL BIBLIOGRAPHY NUMBER |
| National bibliography number |
GBA915852 |
| Source |
bnb |
| 016 7# - NATIONAL BIBLIOGRAPHIC AGENCY CONTROL NUMBER |
| Record control number |
014904441 |
| Source |
Uk |
| 020 ## - INTERNATIONAL STANDARD BOOK NUMBER |
| International Standard Book Number |
9780786436989 (pbk. : alk. paper) |
| 020 ## - INTERNATIONAL STANDARD BOOK NUMBER |
| International Standard Book Number |
0786436980 (pbk. : alk. paper) |
| 040 ## - CATALOGING SOURCE |
| Original cataloging agency |
SEKU |
| 042 ## - AUTHENTICATION CODE |
| Authentication code |
lcac |
| 043 ## - GEOGRAPHIC AREA CODE |
| Geographic area code |
n-usa-- |
| 050 00 - LIBRARY OF CONGRESS CALL NUMBER |
| Classification number |
PS 3537 |
| Item number |
.S7 |
| 082 00 - DEWEY DECIMAL CLASSIFICATION NUMBER |
| Classification number |
811/.54 |
| -- |
B |
| Edition number |
22 |
| 100 1# - MAIN ENTRY--PERSONAL NAME |
| Personal name |
Still, James, |
| Dates associated with a name |
1906-2001. |
| 245 10 - TITLE STATEMENT |
| Title |
James Still in interviews, oral histories and memoirs / |
| Statement of responsibility, etc. |
edited by Ted Olson. |
| 260 ## - PUBLICATION, DISTRIBUTION, ETC. (IMPRINT) |
| Place of publication, distribution, etc. |
Jefferson, N.C. : |
| Name of publisher, distributor, etc. |
McFarland, |
| Date of publication, distribution, etc. |
2009. |
| 300 ## - PHYSICAL DESCRIPTION |
| Extent |
viii, 312 p. : |
| Other physical details |
ill. ; |
| Dimensions |
23 cm. |
| 490 1# - SERIES STATEMENT |
| Series statement |
Contributions to southern Appalachian studies ; |
| Volume/sequential designation |
23 |
| 504 ## - BIBLIOGRAPHY, ETC. NOTE |
| Bibliography, etc |
Includes bibliographical references and index. |
| 520 ## - SUMMARY, ETC. |
| Summary, etc. |
"This work collects transcribed versions of virtually all the interviews and oral histories ever conducted with James Still, along with numerous memoirs in which leading voices in the Appalachian studies movement memorably express their appreciation for Still and his literary legacy"--Provided by publisher. |
| 600 10 - SUBJECT ADDED ENTRY--PERSONAL NAME |
| Personal name |
Still, James, |
| Dates associated with a name |
1906-2001 |
| Form subdivision |
Interviews. |
| 650 #0 - SUBJECT ADDED ENTRY--TOPICAL TERM |
| Topical term or geographic name as entry element |
American literature |
| Geographic subdivision |
Appalachian Region |
| Form subdivision |
Biography. |
| 651 #0 - SUBJECT ADDED ENTRY--GEOGRAPHIC NAME |
| Geographic name |
Appalachian Region |
| General subdivision |
Intellectual life. |
| 700 1# - ADDED ENTRY--PERSONAL NAME |
| Personal name |
Olson, Ted. |
| 830 #0 - SERIES ADDED ENTRY--UNIFORM TITLE |
| Uniform title |
Contributions to southern Appalachian studies ; |
| Volume number/sequential designation |
23. |
| 942 ## - ADDED ENTRY ELEMENTS (KOHA) |
| Source of classification or shelving scheme |
Library of Congress Classification |
| Koha item type |
General circulation |